000 01057ntm a22003377a 4500
005 20170208101558.0
008 150724b xxu||||| |||| 00| 0 spa d
041 _aEspañol
082 _a617.692 B894p
100 _aBruna, Ezio
_938247
100 _aFabianelli, Andrea
_938248
100 _aPavolucci, Giulio
_938249
245 _aPrótesis implantar: ventajas, complicaciones y soluciones prácticas
260 _aVenezuela
_bAMOLCA
_c2015
300 _a176 páginas
650 _aPRÓTESIS
_9312
650 _aIMPLANTES
_93749
650 _aTIPOS DE PLATAFORMA
_938250
650 _aPROVISIONALES
_938251
650 _aOSTEOINTEGRACIÓN
_925691
650 _aIMPRESIONES EN PRÓTESIS
_938252
650 _aPRÓTESIS ATORNILLADA
_938253
650 _aPRÓTESIS CEMENTADA
_938254
650 _aMUÑONES IMPLANTARES
_938255
650 _aUNIÓN DIENTES E IMPLANTES
_938256
650 _aTÉCNICAS DE PASIVACIÓN
_938257
650 _aSOBREDENTADURA
_938258
650 _aPRÓTESIS TORONTO
_938259
650 _aCEMENTADO
_91196
942 _cBK
999 _c6483
_d6483